00749nam a2200193Ia 4500001002200000003001000022008004100032040002500073041000700098100001800105240007100123245007100194250001100265260009000276300001200366500014200378650002500520700001000545cee1-844 [d000000768]IT-MiCISF161014s9999||||xx |||||||||||||| ||und|| aIT-MiCISFcIT-MiCISF aen aNijkamp Peter aNational Diversity and European Trends in Services for the Elderly 0aNational Diversity and European Trends in Services for the Elderly a1a ed. bCommissie van de Europese Gemeenschappen (Commissione delle Comunità€ Europee)c1991 app. 185 aPacolet J., Spinnewyn H., Vollering A., Wilderom C., Winters S. / anziani, servizi-anziani, comparazione, politiche-sociali, società€ /  aservizi-alla-persona aAA.VV